000 00550nam a22001457a 4500
003 OSt
005 20150912114333.0
008 150912b xxu||||| |||| 00| 0 eng d
040 _cRUA
100 _9310
_aMAM, SITHA
245 _aFinancial system in hun sem craing yov developmente, (ប្រព័ន្ធហិរញ្ញវប្បទាននៅមជ្ឍមណ្ឌលអភិវឌ្ឍន៍ហ៊ុនសែន ក្រាំងយូវ)nter, (
260 _aPhnom phen
_bRUA
_c1996
300 _a62p.
_bill.
_c29cm.
942 _2ddc
_cAGR
999 _c292
_d292